Australia’s Most Dangerous Animals - Statistics

General Stats
  • This quiz has been taken 24 times
  • The average score is 7 of 30
Answer Stats
Hint Answer % Correct
9. Danger Level - 8/10 Funnel-web Spider
65%
10. Danger Level - 8/10 Saltwater Crocodile
59%
3. Danger Level - 9/10 Great White Shark
53%
16. Danger Level - 7/10 Blue-ringed Octopus
47%
1. Danger Level - 10/10 Box Jellyfish
47%
21. Danger Level - 6/10 Inland Taipan
41%
4. Danger Level - 9/10 Bull Shark
35%
11. Danger Level - 8/10 Eastern Brown Snake
35%
2. Danger Level - 10/10 Redback Spider
35%
23. Danger Level - 6/10 Stonefish
35%
12. Danger Level - 7/10 Tiger Shark
35%
20. Danger Level - 7/10 Tiger Snake
29%
17. Danger Level - 7/10 Coastal Taipan
24%
29. Danger Level - 5/10 Cassowary
18%
6. Danger Level - 9/10 Irukandji
18%
18. Danger Level - 7/10 Mulga (King Brown)
18%
5. Danger Level - 9/10 Red-Bellied Black Snake
18%
13. Danger Level - 7/10 Common Death Adder
12%
14. Danger Level - 7/10 Dugite (Spotted Brown Snake)
12%
27. Danger Level - 5/10 Giant Centipede
12%
15. Danger Level - 7/10 Mouse Spider
12%
28. Danger Level - 5/10 Australian Paralysis Tick
6%
22. Danger Level - 6/10 Bluebottle
6%
24. Danger Level - 6/10 Collett’s Snake
6%
25. Danger Level - 6/10 Common Lionfish
6%
19. Danger Level - 7/10 Cone Shell
6%
8. Danger Level - 9/10 European Honey Bee
6%
7. Danger Level - 9/10 Gwardar
6%
30. Danger Level - 5/10 Jack Jumper Ant
6%
26. Danger Level - 6/10 Smooth Toadfish
6%
No matching quizzes found
Score Distribution
Percent of People with Each Score
Percentile by Number Answered
Your Score History
You have not taken this quiz